An intrtoduction to Bayesian networks

Αποθηκεύτηκε σε:
Λεπτομέρειες βιβλιογραφικής εγγραφής
Κύριος συγγραφέας: Jensen, Finn V.
Μορφή: Βιβλίο
Γλώσσα:English
Δημοσίευση: London : UCL Press, c1996
Θέματα:
Ετικέτες: Προσθήκη ετικέτας
Δεν υπάρχουν, Καταχωρήστε ετικέτα πρώτοι!

MARC

LEADER 00000nam a2200000 i 4500
001 1/56610
008 981204s1998 eng d
020 |a 1-85728-332-5 
035 |l 10045596 
040 |a GR-MY-UA  |b gre  |e aacr 
041 0 |a eng 
082 0 |a 006.33301519542 
100 1 |a Jensen, Finn V. 
245 1 3 |a An intrtoduction to Bayesian networks /  |c Finn V. Jensen 
260 |a London :   |b UCL Press,   |c c1996 
300 |a x, 178 p.;  |b ill.;  |c 24 cm. 
500 |a Includes bibliography and index 
650 0 0 |a Bayesian statistical decision theory  |x Data processing. 
650 0 0 |a Machine learning. 
650 0 0 |a Neural networks (Computer science) 
852 |a INST  |b SAMOS  |e 19981204  |h 006.33301519542 JEN  |p 005300013738  |q 005300013738  |t BK  |y 0 
901 |a BIBL-1998-3 
909 |a Σ  |b 060889 
922 |a 3ΕΛΗ  |b 199811  |c ΤΠΕΣ  |d ΠΑΠΑΣΩΤΗΡΙΟΥ